Security Analysis & Portfolio Management (Record no. 9872)

MARC details
000 -LEADER
fixed length control field 00392nam a2200157Ia 4500
008 - FIXED-LENGTH DATA ELEMENTS--GENERAL INFORMATION
fixed length control field 221030s9999 xx 000 0 und d
020 ## - INTERNATIONAL STANDARD BOOK NUMBER
ISBN 8126114991
041 ## - LANGUAGE CODE
Language code of text/sound track or separate title
082 ## - DEWEY DECIMAL CLASSIFICATION NUMBER
Classification number 105.23
100 ## - MAIN ENTRY--AUTHOR NAME
Personal name V. Gangadhar
245 #0 - TITLE STATEMENT
Title Security Analysis & Portfolio Management
Statement of responsibility, etc by V. Gangadhar
260 ## - PUBLICATION, DISTRIBUTION, ETC. (IMPRINT)
Name of publisher Anmol Pub
Place of publication New Delhi
Year of publication 2007
300 ## - PHYSICAL DESCRIPTION
Number of Pages 156
650 ## - SUBJECT ADDED ENTRY--TOPICAL TERM
Topical Term Management
942 ## - ADDED ENTRY ELEMENTS (KOHA)
Koha item type Books
Holdings
Accession Number Cost, normal purchase price Bill Date Full call number Source of acquisition Price effective from Koha item type Withdrawn / writtenoff status Materials specified (bound volume or other part) Damaged status Not for loan Permanent Location Current Location Shelving location Date acquired Lost/ Missing status department
MBA 1952 120.00 632 105.23 Zigma, Jammu 10/30/2022 Books   Print   Not For Loan MIET Library, Jammu MIET Library, Jammu BL-Academic Block B, FL-1, CUP-68, SH-4, R-4 11/30/2011   MBA
MBA 1953 120.00 632 105.23 Zigma, Jammu 10/30/2022 Books   Print     MIET Library, Jammu MIET Library, Jammu BL-Academic Block B, FL-1, CUP-136, SH-2, R-2 11/30/2011   MBA
MBA 1954 120.00 632 105.23 Zigma, Jammu 10/30/2022 Books   Print     MIET Library, Jammu MIET Library, Jammu BL-Academic Block B, FL-1, CUP-136, SH-2, R-2 11/30/2011   MBA
MBA 1955 120.00 632 105.23 Zigma, Jammu 10/30/2022 Books   Print     MIET Library, Jammu MIET Library, Jammu BL-Academic Block B, FL-1, CUP-136, SH-2, R-2 11/30/2011   MBA
MBA 1956 120.00 632 105.23 Zigma, Jammu 10/30/2022 Books   Print     MIET Library, Jammu MIET Library, Jammu BL-Academic Block B, FL-1, CUP-136, SH-2, R-2 11/30/2011   MBA